[Event "Cappelle op 40th"]
[Site "Cappelle la Grande"]
[Date "2024.03.06"]
[Round "6"]
[White "Pourquet, Matthieu"]
[Black "Wirig, Anthony"]
[Result "1/2-1/2"]
[WhiteElo "2233"]
[BlackElo "2462"]
[PlyCount "46"]
[EventDate "2024.03.02"]
[EventType "swiss"]
[EventRounds "9"]
[EventCountry "FRA"]
[SourceTitle "CB11_2024"]
[SourceDate "2024.03.13"]
[SourceVersion "1"]
[SourceVersionDate "2024.03.13"]
[SourceQuality "1"]

1. d4 d5 2. c4 c6 3. cxd5 cxd5 4. Bf4 Nf6 5. Nc3 Nc6 6. e3 Bg4 7. f3 Bd7 8. Kf2 a6 9. g4 e6 10. h4 Bb4 11. Nge2 Qe7 12. a3 Bd6 13. Bxd6 Qxd6 14. Nf4 Ng8 15. Qd2 Nge7 16. Rd1 Na7 17. h5 h6 18. Rg1 f6 19. Rc1 Bc6 20. Bd3 0-0-0 21. Ng6 Nxg6 22. Bxg6 Kb8 23. Rg2 e5 1/2-1/2

[Event "Cappelle op 40th"]
[Site "Cappelle la Grande"]
[Date "2024.03.06"]
[Round "7"]
[White "Wirig, Anthony"]
[Black "Mirimanian, Hayk"]
[Result "1/2-1/2"]
[WhiteElo "2462"]
[BlackElo "2283"]
[PlyCount "44"]
[EventDate "2024.03.02"]
[EventType "swiss"]
[EventRounds "9"]
[EventCountry "FRA"]
[SourceTitle "CB11_2024"]
[SourceDate "2024.03.13"]
[SourceVersion "1"]
[SourceVersionDate "2024.03.13"]
[SourceQuality "1"]

1. d4 d5 2. Nf3 Nf6 3. c4 e6 4. e3 Be7 5. Nc3 b6 6. Bd3 0-0 7. 0-0 dxc4 8. Bxc4 Bb7 9. Qe2 c5 10. dxc5 Bxc5 11. a3 Nbd7 12. Ba6 Bxa6 13. Qxa6 Qb8 14. Qe2 Ne5 15. e4 Nxf3+ 16. Qxf3 Bd6 17. g3 Be5 18. Bf4 Bxf4 19. gxf4 e5 20. fxe5 Qxe5 21. Qg3 Qe6 22. Rae1 Rfe8 1/2-1/2

[Event "Cappelle op 40th"]
[Site "Cappelle la Grande"]
[Date "2024.03.04"]
[Round "3"]
[White "Wirig, Anthony"]
[Black "Midy, Robin"]
[Result "1-0"]
[WhiteElo "2462"]
[BlackElo "2151"]
[PlyCount "68"]
[EventDate "2024.03.02"]
[EventType "swiss"]
[EventRounds "9"]
[EventCountry "FRA"]
[SourceTitle "CB11_2024"]
[SourceDate "2024.03.13"]
[SourceVersion "1"]
[SourceVersionDate "2024.03.13"]
[SourceQuality "1"]

1. d4 d5 2. Nf3 Nf6 3. c4 e6 4. Nc3 Nbd7 5. cxd5 exd5 6. Bf4 Bb4 7. Nd2 c6 8. e3 Nf8 9. Bd3 Ng6 10. Bg3 0-0 11. a3 Bd6 12. Qc2 Re8 13. Bf5 Bxg3 14. hxg3 Ng4 15. Bxg4 Bxg4 16. f3 Qg5 17. Nf1 Bf5 18. Qd2 b5 19. Ne2 h5 20. Nf4 Nxf4 21. gxf4 Qg6 22. Kf2 Qf6 23. Rxh5 g6 24. Rh2 Kg7 25. Ng3 Rh8 26. Rah1 Rxh2 27. Rxh2 Re8 28. Rh1 Bc8 29. e4 dxe4 30. Nxe4 Qe6 31. d5 cxd5 32. Qd4+ f6 33. Nxf6 Qxf6 34. Qd2 Qe7 1-0

[Event "Nancy Rapid op 22nd"]
[Site "Meurthe et Moselle"]
[Date "2024.02.18"]
[Round "6"]
[White "Wirig, Anthony"]
[Black "Domanskiy, Mykola"]
[Result "1-0"]
[WhiteElo "2467"]
[BlackElo "2046"]
[PlyCount "123"]
[EventDate "2024.02.18"]
[EventType "swiss (rapid)"]
[EventRounds "9"]
[EventCountry "FRA"]
[SourceTitle "CB08_2024"]
[SourceDate "2024.02.21"]
[SourceVersion "1"]
[SourceVersionDate "2024.02.21"]
[SourceQuality "1"]

1. d4 Nf6 2. Bg5 Ne4 3. Bf4 d5 4. e3 c5 5. Nd2 Nxd2 6. Qxd2 cxd4 7. exd4 Bf5 8. Bxb8 Rxb8 9. Qf4 Bd7 10. Nf3 Rc8 11. Ne5 f6 12. Nxd7 Qxd7 13. Bd3 g6 14. 0-0 Bg7 15. Rad1 0-0 16. Qe3 e5 17. dxe5 fxe5 18. Be4 d4 19. Qb3+ Kh8 20. g3 b6 21. Kg2 Qg4 22. f3 Qd7 23. h4 Qf7 24. Qa4 Rc4 25. Qa6 Rfc8 26. Rf2 Bh6 27. Re2 R4c5 28. a3 Rf8 29. Qd3 Be3 30. Ree1 Rfc8 31. Qe2 Qa2 32. Rb1 Qe6 33. Rh1 h6 34. Rhe1 Kg7 35. Qd1 Qf6 36. Re2 Rf8 37. Qd3 h5 38. Rd1 Rcc8 39. Rh1 Rcd8 40. Qa6 Rd7 41. Qb5 Rc7 42. Qd3 Rd8 43. Rd1 Rcd7 44. Qb5 Rc7 45. a4 Rc5 46. Qd3 Rdc8 47. Qb3 Qf7 48. Qa3 Qf6 49. Qb3 Qf7 50. Qa3 Qf6 51. Qd3 Qf7 52. Rf1 Qf6 53. Qb3 Qf7 54. Qa3 Qe6 55. Rd1 Qf6 56. Rxe3 dxe3 57. Rd7+ Kh8 58. Qxe3 Qf8 59. Bxg6 R8c7 60. Rxc7 Rxc7 61. Qg5 Qg7 62. Qd8+ 1-0

[Event "FRA-ch 96th"]
[Site "L'Alpe d'Huez"]
[Date "2023.08.19"]
[Round "1.2"]
[White "Gozzoli, Yannick"]
[Black "Wirig, Anthony"]
[Result "1/2-1/2"]
[WhiteElo "2564"]
[BlackElo "2499"]
[PlyCount "27"]
[EventDate "2023.08.18"]
[EventType "k.o."]
[EventRounds "4"]
[EventCountry "FRA"]
[SourceTitle "EXT 2024"]
[Source "ChessBase"]
[SourceDate "2023.10.10"]
[SourceVersion "1"]
[SourceVersionDate "2023.10.10"]
[SourceQuality "1"]

1. d4 d5 2. Nf3 Nf6 3. c4 dxc4 4. e3 a6 5. Bxc4 e6 6. 0-0 c5 7. Bb3 b5 8. a4 Bb7 9. axb5 axb5 10. Rxa8 Bxa8 11. Nc3 c4 12. Bc2 b4 13. Ne2 Nbd7 14. Ng3 1/2-1/2

[Event "FRA-ch 96th"]
[Site "L'Alpe d'Huez"]
[Date "2023.08.19"]
[Round "1.4"]
[White "Gozzoli, Yannick"]
[Black "Wirig, Anthony"]
[Result "1/2-1/2"]
[WhiteElo "2564"]
[BlackElo "2499"]
[PlyCount "90"]
[EventDate "2023.08.18"]
[EventType "k.o."]
[EventRounds "4"]
[EventCountry "FRA"]
[SourceTitle "EXT 2024"]
[Source "ChessBase"]
[SourceDate "2023.10.10"]
[SourceVersion "1"]
[SourceVersionDate "2023.10.10"]
[SourceQuality "1"]

1. d4 d5 2. Nf3 Nf6 3. c4 dxc4 4. e3 a6 5. Bxc4 e6 6. 0-0 c5 7. dxc5 Bxc5 8. Qxd8+ Kxd8 9. Be2 Ke7 10. Ne5 Nbd7 11. Nd3 Bd6 12. Nd2 b5 13. Nb3 Bb7 14. Na5 Bd5 15. Bd2 Rhc8 16. Rfc1 Ne5 17. Nb4 Nc4 18. Nxc4 Bxc4 19. Bf3 Bd5 20. Nxd5+ exd5 21. Bc3 Rc7 22. Bxf6+ Kxf6 23. Rxc7 Bxc7 24. Rc1 Be5 25. Bxd5 Ra7 26. b3 Rc7 27. Rd1 Bb2 28. f4 Rc1 29. Rxc1 Bxc1 30. Kf2 Ke7 31. Kf3 f5 32. h3 h5 33. Ke2 Kf6 34. Kd3 a5 35. Bc6 b4 36. g3 g6 37. Be8 Bb2 38. Ke2 Bc1 39. Kf3 Bd2 40. e4 fxe4+ 41. Kxe4 Be1 42. g4 hxg4 43. hxg4 g5 44. fxg5+ Kxg5 45. Bd7 Bg3 1/2-1/2

[Event "FRA-ch 96th"]
[Site "L'Alpe d'Huez"]
[Date "2023.08.19"]
[Round "1.5"]
[White "Wirig, Anthony"]
[Black "Gozzoli, Yannick"]
[Result "0-1"]
[WhiteElo "2499"]
[BlackElo "2564"]
[PlyCount "81"]
[EventDate "2023.08.18"]
[EventType "k.o."]
[EventRounds "4"]
[EventCountry "FRA"]
[SourceTitle "EXT 2024"]
[Source "ChessBase"]
[SourceDate "2023.10.10"]
[SourceVersion "1"]
[SourceVersionDate "2023.10.10"]
[SourceQuality "1"]

1. e4 c6 2. Nf3 d5 3. d3 g6 4. e5 Bg7 5. Nbd2 Nh6 6. Be2 f6 7. exf6 exf6 8. 0-0 0-0 9. Re1 Nd7 10. d4 Nf7 11. Nf1 Re8 12. c3 Nf8 13. Bd3 Rxe1 14. Nxe1 Nd6 15. Bf4 Ne6 16. Bg3 Qf8 17. Nd2 Bd7 18. Qb3 b5 19. Qc2 f5 20. Bxd6 Qxd6 21. Nef3 Re8 22. Re1 Nd8 23. Rxe8+ Bxe8 24. Qd1 Nf7 25. Nb3 Qe7 26. Nc5 Nd6 27. a4 Ne4 28. axb5 Nxc5 29. dxc5 Qxc5 30. bxc6 Bxc6 31. Qe2 Bd7 32. h4 Bf6 33. g3 Kg7 34. Qe3 Qxe3 35. fxe3 a5 36. Kf2 h6 37. Nd4 a4 38. Kf3 Kf7 39. h5 gxh5 40. Bc2 Be5 41. Nxf5 0-1

[Event "Aix en Provence Dole op 1st"]
[Site "Aix en Provence"]
[Date "2023.08.10"]
[Round "5"]
[White "Wirig, Anthony"]
[Black "Panda, Sambit"]
[Result "1/2-1/2"]
[WhiteElo "2499"]
[BlackElo "2402"]
[PlyCount "131"]
[EventDate "2023.08.07"]
[EventType "swiss"]
[EventRounds "9"]
[EventCountry "FRA"]
[SourceTitle "CBM 215 Extra"]
[Source "ChessBase"]
[SourceDate "2023.09.30"]
[SourceVersion "1"]
[SourceVersionDate "2023.09.30"]
[SourceQuality "1"]

1. e4 c6 2. Nc3 d5 3. Nf3 Bg4 4. h3 Bxf3 5. Qxf3 e6 6. d4 Nf6 7. Be2 dxe4 8. Qe3 Bb4 9. 0-0 Nbd7 10. Nxe4 Nxe4 11. Qxe4 Nf6 12. Qf3 0-0 13. c3 Be7 14. g3 Qd5 15. Qd3 c5 16. Bf3 Qd7 17. Rd1 cxd4 18. Qxd4 Qb5 19. Qd3 Qb6 20. Qe2 Rac8 21. Bg5 h6 22. Bxf6 Bxf6 23. Rd7 Rc7 24. Rad1 Rfc8 25. h4 Rxd7 26. Rxd7 Rc7 27. Rxc7 Qxc7 28. Qb5 g5 29. hxg5 Bxg5 30. Bxb7 Qb6 31. Qxb6 axb6 32. f4 Bf6 33. Bf3 e5 34. Kf2 exf4 35. gxf4 Kf8 36. Ke3 Ke7 37. Ke4 Bh4 38. Kd5 Kd7 39. Bh5 f6 40. c4 Bg3 41. f5 Bd6 42. a3 Be5 43. b4 Bb2 44. a4 Bc3 45. c5 Kc7 46. Kc4 Be1 47. Bf3 Bd2 48. cxb6+ Kxb6 49. a5+ Ka6 50. Be2 Kb7 51. Kc5 Be3+ 52. Kb5 Bd2 53. Bh5 Be1 54. Bf3+ Kc7 55. Ka4 Kd6 56. b5 Kc5 57. Be2 Bd2 58. b6 Be1 59. Bf3 Bd2 60. Bh5 Be1 61. Be2 Bd2 62. b7 Bf4 63. Kb3 Be5 64. Kc2 Kc6 65. a6 Kb6 66. Kd1 1/2-1/2

[Event "Aix en Provence Dole op 1st"]
[Site "Aix en Provence"]
[Date "2023.08.07"]
[Round "1"]
[White "Wirig, Anthony"]
[Black "Bonn, Thomas"]
[Result "1-0"]
[WhiteElo "2499"]
[BlackElo "2157"]
[PlyCount "99"]
[EventDate "2023.08.07"]
[EventType "swiss"]
[EventRounds "9"]
[EventCountry "FRA"]
[SourceTitle "CBM 215 Extra"]
[Source "ChessBase"]
[SourceDate "2023.09.30"]
[SourceVersion "1"]
[SourceVersionDate "2023.09.30"]
[SourceQuality "1"]

1. d4 Nf6 2. Bg5 Ne4 3. Bf4 d5 4. e3 c5 5. Bd3 Nf6 6. c3 Nc6 7. Nd2 Qb6 8. Rb1 Bg4 9. Ngf3 e6 10. h3 Bh5 11. 0-0 Be7 12. Qe2 0-0 13. Rfe1 a5 14. a4 Rac8 15. Qf1 Rfd8 16. Ne5 Nd7 17. Nxd7 Rxd7 18. Bg3 Bg6 19. Bxg6 hxg6 20. Qe2 Ra8 21. Qg4 Qa6 22. dxc5 Bxc5 23. Red1 Be7 24. Nf3 Rad8 25. Rd2 b5 26. axb5 Qxb5 27. Ra1 Ra7 28. Bh4 Qb8 29. Bxe7 Nxe7 30. e4 Rb7 31. Qh4 dxe4 32. Rxd8+ Qxd8 33. Ng5 Rxb2 34. Qh8+ Kxh8 35. Nxf7+ Kg8 36. Nxd8 Rb8 37. Nxe6 Nc6 38. Ra4 Re8 39. Ng5 e3 40. fxe3 Re5 41. h4 Rc5 42. Re4 Ne5 43. Kh2 Rb5 44. c4 Rc5 45. Ne6 Ng4+ 46. Rxg4 Re5 47. Rxg6 Kf7 48. Nf4 Rxe3 49. Ra6 Re4 50. Kg3 1-0

[Event "FRA-chT Top 16 Gp Haute"]
[Site "Chartres"]
[Date "2023.06.09"]
[Round "2.3"]
[White "Wirig, Anthony"]
[Black "Grandelius, Nils"]
[Result "0-1"]
[WhiteElo "2518"]
[BlackElo "2674"]
[PlyCount "72"]
[EventDate "2023.06.08"]
[EventType "team-tourn"]
[EventRounds "4"]
[EventCountry "FRA"]
[SourceTitle "CBM 214 Extra"]
[Source "ChessBase"]
[SourceDate "2023.07.31"]
[SourceVersion "1"]
[SourceVersionDate "2023.07.31"]
[SourceQuality "1"]
[WhiteTeam "Grasse Echecs"]
[BlackTeam "Chalon"]
[WhiteTeamCountry "FRA"]
[BlackTeamCountry "FRA"]

1. d4 d5 2. c4 e6 3. Nf3 Nf6 4. g3 Bb4+ 5. Nbd2 dxc4 6. Bg2 b5 7. 0-0 a5 8. a3 Be7 9. b3 cxb3 10. Qxb3 c6 11. Ne5 Bb7 12. Bb2 a4 13. Qc2 Nbd7 14. Rfd1 Rc8 15. Ne4 Nxe4 16. Qxe4 Nxe5 17. dxe5 Qc7 18. Rd6 0-0 19. Rad1 Rcd8 20. R1d3 Rfe8 21. Bc3 Rxd6 22. exd6 Bxd6 23. Qd4 Bf8 24. Qd7 Qxd7 25. Rxd7 Ba8 26. Bb4 c5 27. Bc3 b4 28. Bb2 Bxg2 29. Kxg2 Ra8 30. Kf3 bxa3 31. Bxa3 c4 32. Bxf8 Kxf8 33. Ke3 c3 34. Rd1 c2 35. Rc1 Rc8 36. Kd2 Ke7 0-1

[Event "FRA-chT Top 16 Gp Haute"]
[Site "Chartres"]
[Date "2023.06.08"]
[Round "1.4"]
[White "Crut, Aurelien"]
[Black "Wirig, Anthony"]
[Result "1/2-1/2"]
[WhiteElo "2343"]
[BlackElo "2518"]
[PlyCount "92"]
[EventDate "2023.06.08"]
[EventType "team-tourn"]
[EventRounds "4"]
[EventCountry "FRA"]
[SourceTitle "CBM 214 Extra"]
[Source "ChessBase"]
[SourceDate "2023.07.31"]
[SourceVersion "1"]
[SourceVersionDate "2023.07.31"]
[SourceQuality "1"]
[WhiteTeam "Lyon"]
[BlackTeam "Grasse Echecs"]
[WhiteTeamCountry "FRA"]
[BlackTeamCountry "FRA"]

1. e4 c5 2. Nf3 e6 3. c3 d5 4. exd5 Qxd5 5. d4 Nf6 6. Be3 cxd4 7. cxd4 Bb4+ 8. Nc3 Qa5 9. Qb3 0-0 10. Bd3 b6 11. 0-0 Ba6 12. Bxa6 Nxa6 13. Bg5 Nc7 14. Bxf6 gxf6 15. a3 Bxc3 16. bxc3 Qb5 17. Qc2 Qc6 18. a4 a6 19. c4 b5 20. axb5 axb5 21. Rac1 bxc4 22. Qxc4 Qxc4 23. Rxc4 Nd5 24. Rcc1 Ra2 25. Ra1 Rfa8 26. Rxa2 Rxa2 27. g3 Nc3 28. Re1 Kg7 29. Kf1 Kg6 30. h3 h5 31. Nh4+ Kh6 32. Nf3 Kg7 33. Re3 Rc2 34. Ne1 Rc1 35. Kg2 Nd5 36. Re2 h4 37. Nf3 hxg3 38. fxg3 Rc3 39. Kf2 f5 40. Ra2 Nf6 41. Kg2 Ne4 42. Re2 Rd3 43. Ra2 Kf6 44. h4 Rb3 45. Re2 Ra3 46. Rb2 Ra8 1/2-1/2

[Event "Titled Tuesday intern op 29th Nov Late"]
[Site "Chess.com INT"]
[Date "2022.11.29"]
[Round "4"]
[White "Wirig, Anthony"]
[Black "Abdrlauf, Elham"]
[Result "0-1"]
[WhiteElo "2515"]
[BlackElo "2504"]
[PlyCount "94"]
[EventDate "2022.11.29"]
[EventType "swiss (blitz)"]
[EventRounds "11"]
[EventCountry "USA"]
[SourceTitle "EXT 2024"]
[Source "ChessBase"]
[SourceDate "2023.10.10"]
[SourceVersion "1"]
[SourceVersionDate "2023.10.10"]
[SourceQuality "1"]

1. d4 Nf6 2. Bg5 e6 3. e3 c5 4. c3 Nc6 5. Nd2 b6 6. Bd3 Bb7 7. Ngf3 Be7 8. 0-0 Nd5 9. Bxe7 Qxe7 10. a3 0-0 11. Qe2 f5 12. Ba6 Bxa6 13. Qxa6 Kh8 14. Rac1 Nf6 15. b4 Ne4 16. Rfd1 Rf6 17. dxc5 bxc5 18. b5 Nd8 19. Nxe4 fxe4 20. Ne5 d5 21. c4 Qc7 22. f4 exf3 23. Nxf3 e5 24. Qa4 d4 25. exd4 exd4 26. b6 Qc6 27. Qxc6 Nxc6 28. b7 Rb8 29. Rb1 Rf7 30. Rb5 Rfxb7 31. Rxc5 Rb6 32. Nxd4 Nxd4 33. Rxd4 Rb1+ 34. Kf2 R1b2+ 35. Kg3 R8b3+ 36. Kf4 h6 37. g4 Rxa3 38. h4 Rf2+ 39. Ke4 Rf8 40. Re5 a5 41. g5 hxg5 42. hxg5 Kh7 43. c5 a4 44. Rc4 Ra1 45. Kd4 a3 46. Kc3 Rf3+ 47. Kb4 a2 0-1

[Event "Titled Tuesday intern op 29th Nov Late"]
[Site "Chess.com INT"]
[Date "2022.11.29"]
[Round "9"]
[White "Wirig, Anthony"]
[Black "Tanenbaum, Zachary Chen"]
[Result "0-1"]
[WhiteElo "2515"]
[BlackElo "2157"]
[PlyCount "86"]
[EventDate "2022.11.29"]
[EventType "swiss (blitz)"]
[EventRounds "11"]
[EventCountry "USA"]
[SourceTitle "EXT 2024"]
[Source "ChessBase"]
[SourceDate "2023.10.10"]
[SourceVersion "1"]
[SourceVersionDate "2023.10.10"]
[SourceQuality "1"]

1. d4 d5 2. c4 dxc4 3. e3 e5 4. Bxc4 Nc6 5. Nf3 e4 6. Nfd2 Qg5 7. Nxe4 Qxg2 8. Ng3 Nf6 9. Bf1 Qd5 10. Nc3 Bb4 11. Bd2 Bxc3 12. bxc3 0-0 13. Rg1 Re8 14. Be2 Na5 15. Qa4 Bd7 16. Qb4 b6 17. c4 Qe6 18. d5 Qh3 19. Bc3 Ng4 20. Nf1 f6 21. Rg3 Qh4 22. Qb2 Ne5 23. c5 Nac4 24. Qc2 bxc5 25. Rc1 Rab8 26. Ba1 Nd6 27. f4 Ng4 28. Bxg4 Bxg4 29. Qg2 Ne4 30. Bc3 Nxg3 31. hxg3 Qh5 32. Qf2 Qxd5 33. Bd2 Qd3 34. Nh2 Bf5 35. g4 Be4 36. g5 Rb1 37. gxf6 Rxc1+ 38. Bxc1 Qc3+ 39. Qd2 Qxf6 40. Bb2 Qh4+ 41. Kf1 Rd8 42. Qe2 Qh3+ 43. Kg1 Rd1+ 0-1

[Event "Titled Tuesday intern op 22nd Nov Late"]
[Site "Chess.com INT"]
[Date "2022.11.22"]
[Round "10"]
[White "Annaberdiyev, Babageldi"]
[Black "Wirig, Anthony"]
[Result "0-1"]
[WhiteElo "2208"]
[BlackElo "2515"]
[PlyCount "78"]
[EventDate "2022.11.22"]
[EventType "swiss (blitz)"]
[EventRounds "11"]
[EventCountry "USA"]
[SourceTitle "CBM 211 Extra"]
[Source "ChessBase"]
[SourceDate "2023.01.31"]
[SourceVersion "1"]
[SourceVersionDate "2023.01.31"]
[SourceQuality "1"]

1. e4 c5 2. Nf3 e6 3. d3 Nc6 4. Nbd2 d5 5. g3 Nge7 6. Bg2 g6 7. h4 h6 8. 0-0 Bg7 9. Re1 b6 10. c3 a5 11. e5 Ba6 12. Nf1 Qc7 13. Bf4 g5 14. hxg5 Ng6 15. gxh6 Bxh6 16. Bxh6 Rxh6 17. d4 Bxf1 18. Rxf1 c4 19. b3 Nce7 20. bxc4 Qxc4 21. Rb1 Qxa2 22. Rxb6 Kf8 23. Qa1 Qc4 24. Rfb1 Kg7 25. Bf1 Qc8 26. Rb7 a4 27. Qa3 Nf5 28. Ng5 Nh8 29. Bg2 Rg6 30. f4 Nxg3 31. Rxf7+ Nxf7 32. Qe7 Qe8 33. Nxe6+ Rxe6 34. Qh4 Rg6 35. f5 Nxf5 36. Qf2 Qe6 37. Rf1 N7h6 38. c4 a3 39. cxd5 Qxd5 0-1

[Event "Titled Tuesday intern op 22nd Nov Late"]
[Site "Chess.com INT"]
[Date "2022.11.22"]
[Round "6"]
[White "Javakhadze, Zurab"]
[Black "Wirig, Anthony"]
[Result "1-0"]
[WhiteElo "2481"]
[BlackElo "2515"]
[PlyCount "57"]
[EventDate "2022.11.22"]
[EventType "swiss (blitz)"]
[EventRounds "11"]
[EventCountry "USA"]
[SourceTitle "CBM 211 Extra"]
[Source "ChessBase"]
[SourceDate "2023.01.31"]
[SourceVersion "1"]
[SourceVersionDate "2023.01.31"]
[SourceQuality "1"]

1. Nf3 d5 2. g3 Nc6 3. d4 Bf5 4. Bg2 Qd7 5. c4 e6 6. 0-0 Nf6 7. Nc3 Be7 8. Ne5 Nxe5 9. dxe5 Ne4 10. cxd5 Nxc3 11. bxc3 exd5 12. Qxd5 Qxd5 13. Bxd5 c6 14. Bg2 Bc5 15. e4 Be6 16. Re1 0-0-0 17. Bf1 Rd7 18. Kg2 h6 19. f4 g6 20. h3 Rhd8 21. g4 Rd3 22. Bxd3 Rxd3 23. f5 Bd7 24. e6 fxe6 25. fxg6 e5 26. g7 Be6 27. Rf1 Rd8 28. Bxh6 Kc7 29. Rf8 1-0

[Event "Titled Tuesday intern op 22nd Nov Late"]
[Site "Chess.com INT"]
[Date "2022.11.22"]
[Round "8"]
[White "Nasuta, Grzegorz"]
[Black "Wirig, Anthony"]
[Result "1-0"]
[WhiteElo "2539"]
[BlackElo "2515"]
[PlyCount "173"]
[EventDate "2022.11.22"]
[EventType "swiss (blitz)"]
[EventRounds "11"]
[EventCountry "USA"]
[SourceTitle "CBM 211 Extra"]
[Source "ChessBase"]
[SourceDate "2023.01.31"]
[SourceVersion "1"]
[SourceVersionDate "2023.01.31"]
[SourceQuality "1"]

1. e4 c5 2. Nf3 e6 3. d4 cxd4 4. Nxd4 Nf6 5. Nc3 Nc6 6. a3 d6 7. Be3 Be7 8. f3 0-0 9. Qd2 a6 10. g4 Qc7 11. g5 Nd7 12. 0-0-0 b5 13. Nxc6 Qxc6 14. h4 Ne5 15. f4 Nc4 16. Bxc4 Qxc4 17. Kb1 Rb8 18. b3 Qc6 19. f5 exf5 20. Nd5 Bd8 21. Bd4 Re8 22. Nf6+ Bxf6 23. gxf6 Rxe4 24. Rhg1 f4 25. Rxg7+ Kf8 26. Qg2 Ke8 27. Rxf7 Kxf7 28. Qg7+ Ke6 29. f7 Bb7 30. Qf6+ Kd7 31. f8Q Rxf8 32. Qxf8 Re8 33. Qf5+ Re6 34. Qxh7+ Kc8 35. Qf5 Qe4 36. Qf8+ Re8 37. Qf6 f3 38. h5 Qe6 39. h6 Qxf6 40. Bxf6 Be4 41. Bd4 d5 42. Rg1 Re6 43. Rh1 Re7 44. Rh2 Rh7 45. Kc1 Kd7 46. Kd2 Ke6 47. Ke3 Kf5 48. Bg7 Kg4 49. Kf2 Kf4 50. Rh1 Kf5 51. Rd1 Ke6 52. Rd2 Kf5 53. c3 Kf4 54. Rd4 Kf5 55. Ke3 Ke6 56. Rd2 a5 57. c4 bxc4 58. bxc4 Kd6 59. cxd5 Bxd5 60. Kd4 Ke6 61. Rb2 Ba8 62. Rb6+ Kf5 63. Ke3 Kg4 64. Kf2 Be4 65. Ra6 Kf4 66. Rxa5 Kg4 67. Ra4 Kf4 68. Rb4 Kf5 69. a4 Bd5 70. a5 Ke6 71. a6 Kd7 72. a7 Bc6 73. Rb8 Kd6 74. a8Q Bxa8 75. Rxa8 Ke6 76. Ra6+ Kf5 77. Ra3 Kg5 78. Rxf3 Kg4 79. Rg3+ Kf5 80. Kf3 Ke6 81. Kf4 Kf7 82. Kf5 Kg8 83. Ra3 Kf7 84. Ra7+ Kg8 85. Ra8+ Kf7 86. Rf8+ Ke7 87. Kg6 1-0

[Event "Titled Tuesday intern op 22nd Nov Late"]
[Site "Chess.com INT"]
[Date "2022.11.22"]
[Round "2"]
[White "Obrien, Matthew J"]
[Black "Wirig, Anthony"]
[Result "0-1"]
[WhiteElo "2182"]
[BlackElo "2515"]
[PlyCount "86"]
[EventDate "2022.11.22"]
[EventType "swiss (blitz)"]
[EventRounds "11"]
[EventCountry "USA"]
[SourceTitle "CBM 211 Extra"]
[Source "ChessBase"]
[SourceDate "2023.01.31"]
[SourceVersion "1"]
[SourceVersionDate "2023.01.31"]
[SourceQuality "1"]

1. e4 c5 2. Nf3 e6 3. d4 cxd4 4. Nxd4 Qb6 5. Nb3 Nc6 6. Nc3 Nf6 7. Be3 Qc7 8. Bd3 Be7 9. 0-0 a6 10. f4 d5 11. e5 Nd7 12. Qg4 g6 13. a4 b6 14. Kh1 Nc5 15. a5 Nxa5 16. Nxa5 bxa5 17. Ra2 Bd7 18. Bd4 Rb8 19. h3 Rb4 20. Ne2 Nxd3 21. cxd3 Qc2 22. Qf3 0-0 23. f5 exf5 24. Bc3 Ra4 25. Nd4 Rxd4 26. Bxd4 a4 27. Raa1 Qb3 28. e6 Bxe6 29. Qf4 Qb8 30. Be5 Qb4 31. Qh6 f6 32. Bc3 Qd6 33. Rxa4 Rf7 34. Rfa1 Bf8 35. Qh4 Bc8 36. Re1 g5 37. Qf2 f4 38. Qd4 Qd7 39. Ra5 Bb7 40. Bb4 Bg7 41. Qc5 h5 42. Qc3 d4 43. Qc4 Qxh3+ 0-1

[Event "Titled Tuesday intern op 15th Nov Early"]
[Site "Chess.com INT"]
[Date "2022.11.15"]
[Round "9"]
[White "Itgelt, Khuyagtsogt"]
[Black "Wirig, Anthony"]
[Result "0-1"]
[WhiteElo "2204"]
[BlackElo "2515"]
[PlyCount "146"]
[EventDate "2022.11.15"]
[EventType "swiss (blitz)"]
[EventRounds "11"]
[EventCountry "USA"]
[SourceTitle "CBM 211 Extra"]
[Source "ChessBase"]
[SourceDate "2023.01.31"]
[SourceVersion "1"]
[SourceVersionDate "2023.01.31"]
[SourceQuality "1"]

1. d4 Nf6 2. c4 Nc6 3. Nf3 d6 4. Nc3 e5 5. dxe5 dxe5 6. Qxd8+ Kxd8 7. Bg5 Be6 8. 0-0-0+ Kc8 9. e3 Nd7 10. Bd3 f6 11. Bh4 Nc5 12. Be2 a5 13. Nd2 Nb4 14. a3 Nba6 15. b3 h5 16. f3 c6 17. Kb2 Nb8 18. Bf2 Nbd7 19. h4 Kc7 20. Bg3 Bf5 21. Nf1 Bd6 22. e4 Bg6 23. Ne3 Ne6 24. Nc2 Nf4 25. Bf2 Nxg2 26. Rhg1 Nf4 27. Be3 Nf8 28. c5 Be7 29. Bc4 Rd8 30. Rxd8 Bxd8 31. b4 axb4 32. axb4 Rh7 33. Bg8 Rh8 34. Bc4 Be7 35. b5 Kd8 36. Nb4 Kc7 37. b6+ Kb8 38. Bxf4 Bxc5 39. Rd1 Nh7 40. Nd3 Bxb6 41. Bg3 Bd4 42. Kb3 Kc7 43. Ne2 Be3 44. Nb4 b5 45. Be6 Be8 46. Bh3 g5 47. Nc2 Bb6 48. hxg5 Nxg5 49. Bg2 h4 50. Bh2 h3 51. Bh1 Bh5 52. Ng1 Ne6 53. Rd3 Nc5+ 54. Kc3 Nxd3 55. Kxd3 Rd8+ 56. Ke2 Ra8 57. Nxh3 Ra2 58. Kd3 c5 59. f4 Kd6 60. fxe5+ fxe5 61. Ng5 c4+ 62. Kd2 Bd4 63. Bf3 Be8 64. Bg4 b4 65. Nf3 Kc5 66. Kc1 b3 67. Ncxd4 exd4 68. Bg1 Kb4 69. Bxd4 c3 70. Bxc3+ Kxc3 71. Kb1 Bb5 72. Ne1 Rh2 73. Bd1 Rh1 0-1

[Event "Titled Tuesday intern op 15th Nov Early"]
[Site "Chess.com INT"]
[Date "2022.11.15"]
[Round "7"]
[White "Sharifov, Mekhriddin"]
[Black "Wirig, Anthony"]
[Result "1-0"]
[WhiteElo "2209"]
[BlackElo "2515"]
[PlyCount "79"]
[EventDate "2022.11.15"]
[EventType "swiss (blitz)"]
[EventRounds "11"]
[EventCountry "USA"]
[SourceTitle "CBM 211 Extra"]
[Source "ChessBase"]
[SourceDate "2023.01.31"]
[SourceVersion "1"]
[SourceVersionDate "2023.01.31"]
[SourceQuality "1"]

1. e4 c5 2. Nf3 e6 3. d4 cxd4 4. Nxd4 Nf6 5. Nc3 Nc6 6. Ndb5 Bc5 7. Nd6+ Ke7 8. Bf4 e5 9. Nf5+ Kf8 10. Be3 Bb4 11. Bc4 d5 12. Bxd5 Bxf5 13. Bxc6 Bxe4 14. Bxe4 Nxe4 15. 0-0 Nxc3 16. bxc3 Qxd1 17. Raxd1 Bxc3 18. Rd7 h6 19. Rfd1 b6 20. Rb7 Kg8 21. Rdd7 Kh7 22. Rxf7 e4 23. Rxa7 Rxa7 24. Rxa7 b5 25. a4 bxa4 26. Rxa4 Rb8 27. g3 Rb4 28. Rxb4 Bxb4 29. c4 Kg6 30. Bd4 Kf7 31. Kf1 g6 32. Ke2 Ke6 33. Ke3 Kf5 34. h3 h5 35. c5 Ba5 36. c6 Bc7 37. g4+ hxg4 38. hxg4+ Kxg4 39. Kxe4 Kh3 40. Be5 1-0